000 01076nam0a22002651 4500
001 rc\3986224
005 20130415122512.3
021 _aRU
_b[55-49956]
035 _a(NLR Aleph) 008064356
090 _a9022953
_c9022953
100 _a20130415d1955 |||y0rusy50 ca
101 0 _arus
102 _aRU
105 _aa z |||||
200 1 _aКулисы в молодом саду
_fСталинское обл. упр. сельского хозяйства. Отд. с.-х. науки. Сталинская обл. с.-х. выставка 1955 г.
210 _aСталино
_cОбл. изд-во
_d1955
215 _a8 с.
_cил.
_d20
606 _aСорго
_xВозделывание на кулисы
_yСталинская область
_2psbo
606 _aПлодовые культуры
_xВозделывание с защитными кулисами
_yСталинская область
_2psbo
700 1 _aТараненко
_bЛ. И.
801 0 _aRU
_bNLR
_gpsbo
801 1 _aRU
_bELAR
_2rusmarc
852 _aNLR
_jС40 Г-4/2145
942 _cBOOK
980 _aNB